Trofeje gemerských planín

Bibliographic Details
Main Author: Gallo, Ján, 1930-2013 (Author)
Other Authors: Oravec, Štefan (Illustrator)
Format: Book
Language:Slovak
PhysicalDescription:106 s., [4] s. fareb. obr. príl. fotogr., ilustr. 25 cm
Published: Dohňany-Zbora Ametyst 2000
ISBN:8096826425
Subjects:

MARC

LEADER 00000nam a2200000 a 4500
001 vtls001389205
003 SK-MaSNL
005 20260301071403.0
008 240314s2000 xo a r slo
015 |a SNBA2000/07-02432 
020 |a 8096826425 
035 |a SNK000343461 
035 |a urn:nbn:sk:snk-amkl57 
035 |a urn:nbn:sk:snk-am003vb3 
035 |a B1D65B59-9C4E-45DE-95AE-AFC5777DC347 
040 |a SNK  |b slo  |c SNK  |e AACR2 
041 0 |a slo 
044 |a xo  |c SK 
080 |a 885.4-3  |2 1981 
080 |a 639.1  |2 1981 
100 1 |a Gallo, Ján,  |d 1930-2013  |4 aut  |9 166847 
245 1 0 |a Trofeje gemerských planín  |c Ján Gallo 
260 |a Dohňany-Zbora  |b Ametyst  |c 2000 
300 |a 106 s., [4] s. fareb. obr. príl.  |b fotogr., ilustr.  |c 25 cm 
500 |a Ilustr. na front. 
500 |a Ilustr. Štefan Oravec 
650 0 7 |a poľovnícke príbehy  |2 SNK  |9 77969 
650 0 7 |a poľovníctvo  |x príbehy  |2 SNK  |9 295960 
655 7 |a umelecká literatúra  |2 SNK  |9 60405 
700 1 |a Oravec, Štefan  |4 ill  |9 389090 
919 |a 80-968264-2-5 
958 |a TL 
958 |a LX 
999 |c 637634  |d 639564 
952 |t P60, <09>, [BOOK], {629}  |a SNK  |b SNK  |y NEVYP  |7 0  |o snkC 331  |i snk670/20000524  |0 0  |1 0  |4 0  |d 2000-05-23  |l 0  |r 2005-01-02 00:00:00  |w 2026-02-23 
952 |t P60, <03>, [BOOK], {603}  |a SNK  |b SNK  |y PREZ  |7 0  |p 17A0239038  |o snkSC 101586  |i snkKSP 5086/2000  |0 0  |1 0  |4 0  |d 2000-05-23  |f 1  |l 0  |r 2025-09-23 00:00:00  |w 2026-02-23 
952 |t P60, <04>, [BOOK], {604}  |a SNK  |b SNK  |y VYP  |7 0  |p 17A0239039  |o snkSC 101586 D1  |i snkKSP 5087/2000  |0 0  |1 0  |4 0  |d 2000-05-23  |l 0  |r 2005-01-02 00:00:00  |w 2026-02-23